00587 2200205 4500001002100000005001500021035002000036007000300056008004100059020001800100082000800118084001400126100002600140245011300166250001000279260003200289300002700321650002000348990001300368INLIS00000000000034720221206072737 a0010-1222000078ta221206 g 1 ind  a979-3210-68-0 a813 a813 IBN d0 aIbnu Hazm El Andalusy1 aDibawah naungan cinta :bBagaimana membangun puja puji cinta untuk mengukuhkan jiwa /cIbnu Hazm El Andalusy acet.2 aJakarta :bRepublika,c2006 a295 hlm. ;c20.5x 13cm 4aFiksi Indonesia a02850285